[Event "Brno Trade op"]
[Site "Brno"]
[Date "2021.09.05"]
[Round "9"]
[White "Sojka, Oldrich"]
[Black "Soucek, Andrej"]
[Result "0-1"]
[WhiteElo "1417"]
[BlackElo "1318"]
[PlyCount "89"]
[EventDate "2021.08.29"]
[EventType "swiss"]
[EventRounds "9"]
[EventCountry "CZE"]
[SourceTitle "CBM 204 Extra"]
[Source "ChessBase"]
[SourceDate "2021.11.30"]
[SourceVersion "1"]
[SourceVersionDate "2021.11.30"]
[SourceQuality "1"]

1. e4 c5 2. Bc4 e6 3. Nc3 Nc6 4. a3 Nge7 5. d3 d5 6. exd5 exd5 7. Ba2 g6 8. h3 Bg7 9. Nf3 0-0 10. Bg5 Be6 11. Qd2 Qd7 12. Bh6 Nf5 13. Bxg7 Kxg7 14. h4 h5 15. Ng5 Nfd4 16. 0-0-0 b5 17. Nxe6+ fxe6 18. f3 a5 19. Ne2 b4 20. Nxd4 Nxd4 21. c3 Nb5 22. a4 bxc3 23. bxc3 Na3 24. Bb3 Rab8 25. Qb2 c4 26. dxc4 Nxc4 27. Qa2 Qb7 28. Bxc4 dxc4 29. Rd4 Qb3 30. Qxb3 cxb3 31. Kb2 Rf5 32. Rhd1 Re5 33. R1d2 Kf6 34. g4 Re3 35. g5+ Kf5 36. Rf2 Rc8 37. c4 Rc5 38. f4 Rh3 39. Rd8 Rxc4 40. Rf8+ Kg4 41. Rg8 Rxa4 42. Rg2+ Kxh4 43. Kb1 Rxf4 44. Rxg6 Rg4 45. Rxg4+ 0-1

[Event "Brno Duras op"]
[Site "Brno"]
[Date "2015.07.04"]
[Round "8"]
[White "Sojka, Oldrich"]
[Black "Urbanec, Vladimir"]
[Result "1/2-1/2"]
[WhiteElo "1587"]
[BlackElo "1481"]
[PlyCount "63"]
[EventDate "2015.06.27"]
[EventType "swiss"]
[EventRounds "9"]
[EventCountry "CZE"]
[SourceTitle "CBM 167 Extra"]
[Source "ChessBase"]
[SourceDate "2015.09.14"]
[SourceVersion "1"]
[SourceVersionDate "2015.09.14"]
[SourceQuality "1"]

1. e4 d6 2. Bc4 c5 3. Nc3 Nf6 4. d3 Qa5 5. Nf3 Bg4 6. h3 Bd7 7. Bg5 b5 8. Bb3 g6 9. 0-0 Bg7 10. Qd2 h6 11. Be3 Nc6 12. a3 Nd4 13. Bxd4 cxd4 14. Ne2 Qxd2 15. Nxd2 e5 16. Ng3 0-0 17. f4 Kh7 18. Nf3 exf4 19. Ne2 Nh5 20. Nexd4 Ng3 21. Rf2 Rae8 22. c3 g5 23. Nh2 h5 24. h4 Bh6 25. Ndf3 f6 26. hxg5 fxg5 27. Bc2 Rg8 28. d4 Kh8 29. e5 d5 30. Nf1 Ne4 31. Re2 g4 32. N3h2 1/2-1/2

[Event "Brno Duras op-A"]
[Site "Brno"]
[Date "2014.07.02"]
[Round "5"]
[White "Sojka, Oldrich"]
[Black "Brychta, Jan"]
[Result "0-1"]
[WhiteElo "1606"]
[BlackElo "1664"]
[PlyCount "112"]
[EventDate "2014.06.28"]
[EventType "swiss"]
[EventRounds "9"]
[EventCountry "CZE"]
[SourceTitle "CBM 161 Extra"]
[Source "ChessBase"]
[SourceDate "2014.08.29"]
[SourceVersion "1"]
[SourceVersionDate "2014.08.29"]
[SourceQuality "1"]

1. e4 e6 2. Nc3 d5 3. exd5 exd5 4. d4 c6 5. h3 Nf6 6. Bd3 Be6 7. Bg5 Nbd7 8. Nf3 Bd6 9. Qd2 Qc7 10. Be3 h6 11. a3 Nb6 12. Nh4 Nc4 13. Bxc4 dxc4 14. Nf3 0-0-0 15. Qe2 Rhe8 16. 0-0-0 Qa5 17. Nb1 Bf5 18. Qd2 Qa6 19. Qe2 Ne4 20. Nfd2 c3 21. Nxc3 Nxc3 22. Qxa6 bxa6 23. bxc3 Bxa3+ 24. Kb1 Re7 25. Ka2 Bd6 26. Rc1 Bb8 27. c4 Rb7 28. c3 Bd3 29. c5 Rb5 30. c4 Ra5+ 31. Kb2 Rd7 32. Ra1 Rxa1 33. Rxa1 f5 34. g3 g5 35. Kc3 Be2 36. Re1 Bh5 37. f4 Re7 38. d5 gxf4 39. d6 Rxe3+ 40. Rxe3 fxe3 41. Nb3 e2 42. Kd2 Bf7 43. Na5 Kd7 44. Kxe2 Bxd6 45. cxd6 Kxd6 46. Kd3 Kc5 47. Nb7+ Kb4 48. c5 a5 49. Kc2 a4 50. Kb2 a3+ 51. Kb1 Kc3 52. Na5 Bd5 53. h4 h5 54. Nb7 Kd2 55. Nd6 Ke2 56. Nxf5 Be4+ 0-1

[Event "Kromeriz op"]
[Site "Kromeriz"]
[Date "2014.05.08"]
[Round "2"]
[White "Cagasik, Tomas"]
[Black "Sojka, Oldrich"]
[Result "1-0"]
[WhiteElo "2235"]
[BlackElo "1605"]
[PlyCount "63"]
[EventDate "2014.05.07"]
[EventType "swiss"]
[EventRounds "7"]
[EventCountry "CZE"]
[SourceTitle "EXT 2016"]
[Source "ChessBase"]
[SourceDate "2015.10.08"]
[SourceVersion "1"]
[SourceVersionDate "2015.10.08"]
[SourceQuality "1"]

1. d4 d5 2. c4 Bf5 3. Nc3 Nf6 4. Qb3 Nc6 5. cxd5 Nxd4 6. Qa4+ Qd7 7. Qxd4 e6 8. e4 Bg6 9. Be3 Be7 10. Bb5 c6 11. dxc6 bxc6 12. Qxd7+ Kxd7 13. 0-0-0+ Kc7 14. Bf4+ Kb7 15. Ba4 Bc5 16. f3 Rhd8 17. Nge2 Nd7 18. h4 h6 19. h5 Bh7 20. Kc2 e5 21. Bg3 f5 22. Bh4 Nf6 23. Bxf6 gxf6 24. exf5 Bxf5+ 25. Ne4 Be7 26. g4 Bh7 27. N2g3 c5 28. Nf5 Bf8 29. Nxf6 Bxf5+ 30. gxf5 Be7 31. Nd7 Bg5 32. f6 1-0

[Event "Brno op 4th"]
[Site "Brno"]
[Date "2013.11.17"]
[Round "2"]
[White "Sojka, Oldrich"]
[Black "Stary, Vladimir"]
[Result "1/2-1/2"]
[WhiteElo "1607"]
[BlackElo "1794"]
[PlyCount "128"]
[EventDate "2013.11.16"]
[EventType "swiss"]
[EventRounds "9"]
[EventCountry "CZE"]
[SourceTitle "CBM 157 Extra"]
[Source "ChessBase"]
[SourceDate "2013.12.19"]
[SourceVersion "1"]
[SourceVersionDate "2013.12.19"]
[SourceQuality "1"]

1. e4 c5 2. Bc4 e6 3. Nc3 a6 4. a3 b5 5. Ba2 Bb7 6. d3 Nf6 7. Bg5 d6 8. Nf3 Nbd7 9. Qd2 Be7 10. h3 0-0 11. h4 Rc8 12. h5 c4 13. Bh4 Nc5 14. Bg3 d5 15. h6 g6 16. e5 d4 17. Ne2 Ne8 18. Nexd4 Bxf3 19. Nxf3 cxd3 20. c3 Ne4 21. Qe3 Nxg3 22. fxg3 Bc5 23. Qd2 Qb6 24. Rf1 Nc7 25. Qxd3 Rcd8 26. Qe4 Be3 27. Ke2 Bxh6 28. Nd4 Nd5 29. Qh4 Bg7 30. Rh1 h6 31. Qe4 Qc7 32. Nf3 Ne7 33. g4 Nc6 34. Raf1 Nxe5 35. Nxe5 Qxe5 36. Qxe5 Bxe5 37. Rxh6 Kg7 38. Rh3 Rh8 39. Rhf3 Rd7 40. Re3 Bf6 41. Ref3 Bg5 42. Rd3 Rxd3 43. Kxd3 Rh4 44. c4 Rxg4 45. cxb5 axb5 46. Rf2 Rf4 47. Re2 Kf6 48. Bb3 Kf5 49. Bc2 Kg4 50. Bd1 Kg3 51. b3 Rf2 52. Rxf2 Kxf2 53. Bf3 Bc1 54. a4 bxa4 55. bxa4 f5 56. a5 e5 57. Bd5 e4+ 58. Bxe4 fxe4+ 59. Kxe4 Be3 60. g4 Ba7 61. Kf4 Be3+ 62. Ke4 g5 63. a6 Bb6 64. Kf5 Be3 1/2-1/2

[Event "Brno op 3rd"]
[Site "Brno"]
[Date "2012.11.14"]
[Round "5"]
[White "Sojka, Oldrich"]
[Black "Kubat, Pavel"]
[Result "0-1"]
[WhiteElo "1614"]
[BlackElo "1899"]
[PlyCount "88"]
[EventDate "2012.11.10"]
[EventType "swiss"]
[EventRounds "9"]
[EventCountry "CZE"]
[SourceTitle "CBM 151 Extra"]
[Source "ChessBase"]
[SourceDate "2012.12.18"]
[SourceVersion "1"]
[SourceVersionDate "2012.12.18"]
[SourceQuality "1"]

1. e4 c5 2. Bc4 g6 3. Nc3 Bg7 4. Nf3 d6 5. h3 Nc6 6. a3 a6 7. Ng5 e6 8. Nf3 b5 9. Ba2 Bb7 10. d3 Nge7 11. Ng5 Nd4 12. Nf3 Nec6 13. Nxd4 Nxd4 14. Ne2 Nc6 15. Nf4 Qe7 16. 0-0 h5 17. Rb1 Ne5 18. c3 c4 19. d4 Nd7 20. d5 e5 21. Ne2 Nc5 22. f3 f5 23. Be3 Qc7 24. exf5 gxf5 25. Bg5 Nd3 26. Ng3 Qf7 27. b3 Bxd5 28. bxc4 bxc4 29. Rb6 f4 30. Ne4 Bxe4 31. fxe4 0-0 32. Rxd6 Nc5 33. Qf3 Rab8 34. Qe2 Nb3 35. Rfd1 Rfc8 36. Rd7 Qg6 37. Bh4 Bf8 38. Kh1 Rb6 39. Ra7 Re6 40. Rdd7 Nc1 41. Qd2 Nxa2 42. Be7 Bxe7 43. Rxe7 Rd6 44. Qxa2 Rd1+ 0-1

[Event "Brno op 3rd"]
[Site "Brno"]
[Date "2012.11.10"]
[Round "1"]
[White "Sojka, Oldrich"]
[Black "Svobodova, Michaela"]
[Result "0-1"]
[WhiteElo "1614"]
[BlackElo "2019"]
[PlyCount "80"]
[EventDate "2012.11.10"]
[EventType "swiss"]
[EventRounds "9"]
[EventCountry "CZE"]
[SourceTitle "CBM 151 Extra"]
[Source "ChessBase"]
[SourceDate "2012.12.18"]
[SourceVersion "1"]
[SourceVersionDate "2012.12.18"]
[SourceQuality "1"]

1. e4 c5 2. Bc4 e6 3. Nc3 a6 4. a3 b5 5. Ba2 Bb7 6. d3 d5 7. exd5 exd5 8. Nf3 Nf6 9. Bg5 Be7 10. 0-0 0-0 11. Qd2 Nbd7 12. Rae1 Re8 13. Ne5 Nxe5 14. Rxe5 d4 15. Ne4 Nxe4 16. dxe4 Bxg5 17. Qxg5 Qxg5 18. Rxg5 Bxe4 19. Rxc5 Rac8 20. Rxc8 Rxc8 21. h3 Bxc2 22. Kh2 d3 23. Bb1 d2 24. Bxc2 Rxc2 25. Rd1 Rxb2 26. Kg3 Kf8 27. f3 Ke7 28. Kf2 Ke6 29. Ke2 Kd5 30. Kd3 Ra2 31. Kc3 Rxa3+ 32. Kxd2 b4 33. Kc2+ Kc4 34. Kb2 Rd3 35. Rc1+ Rc3 36. Rd1 a5 37. Rd7 a4 38. Rxf7 a3+ 39. Ka2 Rc2+ 40. Kb1 Kb3 0-1

[Event "Brno Trade op-A 37th"]
[Site "Brno"]
[Date "2012.08.31"]
[Round "7"]
[White "Sojka, Oldrich"]
[Black "Zikan, Karel"]
[Result "0-1"]
[WhiteElo "1635"]
[BlackElo "1838"]
[PlyCount "108"]
[EventDate "2012.08.26"]
[EventType "swiss"]
[EventRounds "9"]
[EventCountry "CZE"]
[SourceTitle "CBM 150 Extra"]
[Source "ChessBase"]
[SourceDate "2012.10.19"]
[SourceVersion "1"]
[SourceVersionDate "2012.10.19"]
[SourceQuality "1"]

1. e4 c6 2. Bc4 d5 3. exd5 cxd5 4. Bb3 Nc6 5. a3 Nf6 6. d3 Bg4 7. f3 Bh5 8. Bg5 e6 9. Qd2 Be7 10. Nh3 Rc8 11. Nc3 0-0 12. Ne2 Qc7 13. c3 Bg6 14. d4 Na5 15. Bc2 Nc4 16. Qc1 Bxc2 17. Qxc2 b5 18. 0-0 a5 19. b4 a4 20. Bc1 Nd6 21. Ng5 h6 22. Nh3 Nh7 23. Bf4 Qb6 24. Kh1 Bf6 25. g4 Nc4 26. Rg1 Ng5 27. Bxg5 Bxg5 28. Nxg5 hxg5 29. Qc1 Qd8 30. f4 Qf6 31. Rf1 Qg6 32. f5 exf5 33. Rxf5 Nd6 34. Re5 Rfe8 35. Rxe8+ Rxe8 36. Ng3 Ne4 37. Nf5 Nf2+ 38. Kg2 Nxg4 39. Qb1 Ne3+ 40. Nxe3 Qxb1 41. Rxb1 Rxe3 42. Rc1 Re2+ 43. Kg3 Ra2 44. Kg4 f6 45. h4 gxh4 46. Kxh4 Rxa3 47. Kg4 Rb3 48. Kf5 Kf7 49. Kf4 a3 50. Kf5 g6+ 51. Kf4 a2 52. Ra1 Rb2 53. Ke3 f5 54. Kf4 Kf6 0-1

[Event "Brno op 2nd"]
[Site "Brno"]
[Date "2011.11.17"]
[Round "8"]
[White "Zlamal, Zdenek"]
[Black "Sojka, Oldrich"]
[Result "0-1"]
[WhiteElo "1519"]
[BlackElo "1657"]
[PlyCount "84"]
[EventDate "2011.11.12"]
[EventType "swiss"]
[EventRounds "9"]
[EventCountry "CZE"]
[SourceTitle "EXT 2012"]
[Source "ChessBase"]
[SourceDate "2011.11.24"]
[SourceVersion "1"]
[SourceVersionDate "2011.11.24"]
[SourceQuality "1"]

1. e4 e5 2. Nf3 Nc6 3. Bb5 Bc5 4. c3 Nf6 5. d3 h6 6. 0-0 Bd6 7. Nbd2 a6 8. Ba4 b5 9. Bc2 Bc5 10. b4 Ba7 11. h3 d6 12. Bb2 0-0 13. Nb3 Ne7 14. d4 Ng6 15. Bc1 Bb7 16. Na5 Bxe4 17. Bxe4 Nxe4 18. Qc2 Nf6 19. Nc6 Qe8 20. Nxa7 Rxa7 21. dxe5 Nxe5 22. Nxe5 Qxe5 23. Be3 Raa8 24. Bd4 Qe4 25. Qd2 Nd5 26. Rfe1 Qg6 27. Bxg7 Qxg7 28. Qxd5 Qxc3 29. Qe4 Rae8 30. Qg4+ Qg7 31. Qd7 Rxe1+ 32. Rxe1 f5 33. Qc6 f4 34. Rc1 f3 35. g3 Rf7 36. Qxa6 Qb2 37. Qc8+ Kh7 38. Rxc7 Qxa2 39. Qf5+ Kg7 40. Qg4+ Kh7 41. Qe4+ Kg7 42. Rc3 Qa1+ 0-1

[Event "Brno op 2nd"]
[Site "Brno"]
[Date "2011.11.14"]
[Round "3"]
[White "Sojka, Oldrich"]
[Black "Van Steenkiste, Luc"]
[Result "0-1"]
[WhiteElo "1657"]
[BlackElo "1800"]
[PlyCount "84"]
[EventDate "2011.11.12"]
[EventType "swiss"]
[EventRounds "9"]
[EventCountry "CZE"]
[SourceTitle "EXT 2012"]
[Source "ChessBase"]
[SourceDate "2011.11.24"]
[SourceVersion "1"]
[SourceVersionDate "2011.11.24"]
[SourceQuality "1"]

1. e4 d5 2. exd5 Nf6 3. Nc3 e6 4. d4 exd5 5. Nf3 Bf5 6. h3 Nc6 7. Bb5 Bd6 8. Bg5 0-0 9. Qd2 a6 10. Bxc6 bxc6 11. Ne5 c5 12. Nf3 Rb8 13. Rb1 c6 14. 0-0 Kh8 15. Ne5 Qc7 16. Nf3 Rg8 17. Nh4 Bg6 18. Nxg6+ hxg6 19. Bxf6 Bf4 20. Bxg7+ Kxg7 21. Qe2 Rh8 22. Qf3 Rh6 23. Ne2 Bd6 24. Qe3 Rbh8 25. f4 Qe7 26. Rf3 f5 27. Re1 Kf7 28. Nc3 Rg8 29. Qf2 Qd8 30. Rfe3 g5 31. Ne2 g4 32. Kf1 Be7 33. Ng1 gxh3 34. Rxh3 Rxh3 35. Nxh3 Bh4 36. Ng5+ Bxg5 37. fxg5 Qxg5 38. Re3 Rh8 39. Qg3 Qxg3 40. Rxg3 Rh1+ 41. Ke2 Rb1 42. b3 Kf6 0-1

[Event "Brno op 2nd"]
[Site "Brno"]
[Date "2011.11.13"]
[Round "2"]
[White "Horak, Miroslav1111"]
[Black "Sojka, Oldrich"]
[Result "1-0"]
[WhiteElo "1838"]
[BlackElo "1657"]
[PlyCount "55"]
[EventDate "2011.11.12"]
[EventType "swiss"]
[EventRounds "9"]
[EventCountry "CZE"]
[SourceTitle "EXT 2012"]
[Source "ChessBase"]
[SourceDate "2011.11.24"]
[SourceVersion "1"]
[SourceVersionDate "2011.11.24"]
[SourceQuality "1"]

1. e4 e5 2. Nf3 Nc6 3. Bb5 Bc5 4. 0-0 Nd4 5. Nxd4 Bxd4 6. c3 Bb6 7. d4 c6 8. Ba4 Bc7 9. Re1 Qf6 10. Nd2 Ne7 11. Nf3 h6 12. dxe5 Bxe5 13. Nxe5 Qxe5 14. f4 Qc7 15. Qg4 Rg8 16. f5 d6 17. Bf4 Ng6 18. Be3 Bd7 19. Qg3 Ne5 20. Rad1 0-0-0 21. Bb3 Be8 22. Bxh6 g6 23. Bg5 Rd7 24. Bf6 Kb8 25. Rxd6 Ka8 26. Bxe5 f6 27. Rxd7 Qxd7 28. Bxg8 1-0

[Event "Brno Trade op"]
[Site "Brno"]
[Date "2011.08.25"]
[Round "6"]
[White "Kozlova, Lucie"]
[Black "Sojka, Oldrich"]
[Result "0-1"]
[WhiteElo "1786"]
[BlackElo "1649"]
[PlyCount "58"]
[EventDate "2011.08.21"]
[EventType "swiss"]
[EventRounds "9"]
[EventCountry "CZE"]
[SourceTitle "CBM 144 Extra"]
[Source "ChessBase"]
[SourceDate "2011.10.28"]
[SourceVersion "1"]
[SourceVersionDate "2011.10.28"]
[SourceQuality "1"]

1. e4 e5 2. Nf3 Nc6 3. Bb5 Bc5 4. c3 Nge7 5. 0-0 a6 6. Ba4 0-0 7. d4 exd4 8. cxd4 Ba7 9. Nc3 d5 10. e5 Bg4 11. Ne2 Bxf3 12. gxf3 Nf5 13. Bxc6 bxc6 14. Qd3 Qd7 15. Kh1 f6 16. Bf4 Rf7 17. Rae1 fxe5 18. Bxe5 c5 19. dxc5 Bxc5 20. Rc1 Bb6 21. f4 Nh4 22. Qg3 Ng6 23. Bc3 c5 24. Qf3 Raf8 25. Rcd1 d4 26. Qd3 Qb7+ 27. Kg1 dxc3 28. Nxc3 Nxf4 29. Qg3 Rf6 0-1

[Event "Brno op 1st"]
[Site "Brno"]
[Date "2010.11.18"]
[Round "7"]
[White "Kosina, Vladimir"]
[Black "Sojka, Oldrich"]
[Result "1-0"]
[WhiteElo "1878"]
[BlackElo "1644"]
[PlyCount "111"]
[EventDate "2010.11.14"]
[EventType "swiss"]
[EventRounds "9"]
[EventCountry "CZE"]
[SourceTitle "EXT 2011"]
[Source "ChessBase"]
[SourceDate "2010.11.26"]
[SourceVersion "1"]
[SourceVersionDate "2010.11.26"]
[SourceQuality "1"]

1. Nf3 Nc6 2. d4 Nf6 3. g3 d5 4. Bg2 e6 5. 0-0 Be7 6. Re1 h6 7. Nbd2 0-0 8. c3 Bd6 9. e4 dxe4 10. Nxe4 Nxe4 11. Rxe4 Qf6 12. Qe1 Bd7 13. Bf4 Rae8 14. Ne5 Bxe5 15. dxe5 Qg6 16. Rd1 Bc8 17. Re2 f6 18. exf6 Rxf6 19. Bxc7 Qf7 20. Be5 Nxe5 21. Rxe5 Rf8 22. Rd2 b6 23. c4 Qc7 24. b3 Rd8 25. Rxd8+ Qxd8 26. Re2 Qc7 27. Qd2 e5 28. Qd5+ Kh8 29. Qxe5 Qf7 30. Qe8+ Qf8 31. Qxf8+ Rxf8 32. f4 Rd8 33. Bd5 Bh3 34. Kf2 Bg4 35. Re7 a6 36. Ra7 Re8 37. Ra8 Rxa8 38. Bxa8 Kg8 39. Be4 Bd7 40. Ke3 Kf7 41. Kd4 Kf6 42. a3 g5 43. b4 Ba4 44. c5 bxc5+ 45. Kxc5 Bb5 46. Bc2 gxf4 47. gxf4 Ke6 48. a4 Be2 49. b5 axb5 50. axb5 Bf3 51. Bb3+ Kf5 52. Bd5 Be2 53. b6 Ba6 54. Kd6 Kxf4 55. Kc7 Ke5 56. Bc4 1-0

[Event "Brno op 1st"]
[Site "Brno"]
[Date "2010.11.17"]
[Round "5"]
[White "Collins, Alan"]
[Black "Sojka, Oldrich"]
[Result "1-0"]
[WhiteElo "1849"]
[BlackElo "1644"]
[PlyCount "65"]
[EventDate "2010.11.14"]
[EventType "swiss"]
[EventRounds "9"]
[EventCountry "CZE"]
[SourceTitle "EXT 2011"]
[Source "ChessBase"]
[SourceDate "2010.11.26"]
[SourceVersion "1"]
[SourceVersionDate "2010.11.26"]
[SourceQuality "1"]

1. d4 d5 2. Nf3 Bf5 3. Bf4 Nf6 4. e3 Nh5 5. Bg5 Nf6 6. c4 Bxb1 7. Rxb1 Ne4 8. Bf4 e6 9. c5 Be7 10. Nd2 Nxd2 11. Qxd2 0-0 12. Bd3 Nd7 13. 0-0 Nf6 14. h3 Nh5 15. Bh2 f5 16. Be2 Nf6 17. Bd3 c6 18. b4 a6 19. a4 Ne4 20. Bxe4 fxe4 21. b5 axb5 22. axb5 Qd7 23. bxc6 bxc6 24. Rb3 Ra7 25. Rfb1 Rfa8 26. Rb8+ Kf7 27. Rxa8 Rxa8 28. Bg3 Bd8 29. Qd1 Ra7 30. Qh5+ Kg8 31. Rb8 Rb7 32. Rxb7 Qxb7 33. Qe8# 1-0